00627nam a2200193 a 4500008004100000020001800041050002000059100002000079245007500099250001700174260003500191300002900226650004100255650002200296650003200318650003000350650003200380700002100412200821s2019 ||||||||||||||||| || u a9781337619769 aHF 5681 .W3 Bie aBieg, Bernard J10aPayroll accounting (2019 edition)cBy Bernad J. Bieg; Judith A. Toland a2019 edition aBostonbCengage Learningc2019 axvi, 244 : illustrations aWAGES--ACCOUNTING--COMPUTER PROGRAMS aWAGES--ACCOUNTING aPAYROLLS--COMPUTER PROGRAMS aPAYROLLS--DATA PROCESSING aACCOUNTING--DATA PROCESSING aToland, Judith A